00986pam a2200253 a 450000500170000000800410001702000150005802000150007304000290008804100080011704400070012508200140013224501100014626001080025630000540036450400530041865000380047165000380050965000430054770000330059070000240062370000300064771000550067720161206155923.0960814s1997 enka b 101 0 eng  a0333665473 a031216579X aDLCcDLCdDLCdCO-BoIAVH0 aspa ack00a382bE19i00aEco-labelling and international trade /ceditado por Simonetta Zarrilli, Veena Jha, and René Vossenaar. aHoundmills, Basingstoke [Inglaterra] :bMacmillan Press ;aNew York, N.Y. :bSt. Martin's Press,c1997. axx, 376 páginas :bilustraciones ;c22 x 14 cm. aIncluye referencias bibliográficas e índice.26aEtiquetas ecológicasxCongresos26aComercio internacionalxCongresos26aEcologíaxcertificaciónxCongresos1 aZarrilli, Simonettaeeditora1 aJha, Veenaeeditora1 aVossenaar, Renéeeditor2 aUnited Nations Conference on Trade and Development